Rebuilding America

Enregistré dans:
Détails bibliographiques
Auteur principal: Alperovitz, Gar
Format: Livre
Langue:Undetermined
Publié: New York Pantheon Books 1984
Sujets:
Tags: Ajouter un tag
Pas de tags, Soyez le premier à ajouter un tag!
Thư viện lưu trữ: Trung tâm Học liệu Trường Đại học Cần Thơ
LEADER 00478nam a2200181Ia 4500
001 CTU_82175
008 210402s9999 xx 000 0 und d
082 |a 338.973 
082 |b A456 
100 |a Alperovitz, Gar 
245 0 |a Rebuilding America 
245 0 |c Gar Alperovitz & Jeff Faux 
260 |a New York 
260 |b Pantheon Books 
260 |c 1984 
650 |a Economic policy 
904 |i Trọng Hải 
980 |a Trung tâm Học liệu Trường Đại học Cần Thơ